Statistics for Country Flags Slideshow

Click here to take the quiz!

General Stats

  • This quiz has been taken 2,948 times
  • The average score is 8 of 12

Answer Stats

Answer% Correct
India
99%
Honduras
77%
Andorra
76%
Laos
75%
Kiribati
74%
Lesotho
66%
Tajikistan
65%
Central African Republic
64%
St. Vincent and the Grenadines
62%
Eritrea
58%
Rwanda
53%
Equatorial Guinea
49%

Score Distribution

Percentile by Number Answered

Percent of People with Each Score

Your Score History

You have not taken this quiz